000 00607nam a22001937a 4500
003 OSt
005 20240628062004.0
008 240628b |||||||| |||| 00| 0 eng d
020 _a9789710742516
040 _aDWC- Main Lib
_cOC
082 _aFil. 363.7 G993e 2018
100 _aGuzman, Ruth Marian
245 _aEnvironmental science :
_btoward a sustainable earth. /
_cRuth Marian Guzman.
260 _aPhilippine:
_bVibal Group Inc.,
_cc2018.
300 _aix , 182 pages:
_bcolor illustrations ;
_c27cm.
504 _aIncludes index.
650 _a1. Environmental Science
942 _2ddc
_cBK - FIL
_n1
999 _c1594
_d1594